| 000 | 02378nam0a22003371 4500 | ||
|---|---|---|---|
| 001 | RU\NLR\A1\33268 | ||
| 005 | 20251203152403.2 | ||
| 035 | _a(NLR Aleph) 009683409 | ||
| 090 |
_a9710115 _c9710115 |
||
| 100 | _a20020214d1791 u y0rusy50 ca | ||
| 101 | 0 | _arus | |
| 102 | _aRU | ||
| 200 | 1 |
_aНаставление о действиях и употреблении драгоценнаго лекарства, называемаго жизненным существом или эссенциею жизни, многими опытами доказаннаго, изобретеннаго и приготовляемаго в пользу общества в Аугсбурге Кур-баварским советником и доктором Кизовым, на всемилостивейше отлично преимущественной привилегии его величества имп. римскаго 1784, возобновленной в 1790 году _eПереведено с немецкаго |
|
| 210 |
_aСПб. _d1791 |
||
| 215 |
_a12 с. _d12° |
||
| 306 | _aСудя по оформлению, это изд. XIX в. | ||
| 314 | _aПер. Д.Гродницкого | ||
| 321 | 1 | _aСК XVIII. Доп. 81 | |
| 518 | 1 | _aНаставление о действиях и употреблении драгоценного лекарства, называемого жизненным существом или эссенциею жизни, многими опытами доказанного, изобретенного и приготовляемого в пользу общества в Аугсбурге Кур-баварским советником и доктором Кизовым, на всемилостивейше отлично преимущественной привилегии его величества имп. римского 1784, возобновленной в 1790 году | |
| 620 | _dСанкт-Петербург | ||
| 700 | 1 |
_6z01700 _aКизов _bИ.Г. _gИоганн Георг _4070 |
|
| 700 | 1 |
_6z01700 _aKiesow _bJ.G. _gJohann Georg _4070 _7ba |
|
| 702 | 1 |
_aГродницкий _bД.Р. _gДаниил Романович _4730 |
|
| 801 | 0 |
_aRU _bNLR _c20020214 |
|
| 830 | _aВопрос НБУВ | ||
| 899 | _aНБУВ | ||
| 899 | _aНБУВ | ||
| 942 | _cBOOK | ||
| 980 | _aNB | ||
| 980 | _aA1XVIIIv | ||